| 000 | 00358nam a22001337a 4500 | ||
|---|---|---|---|
| 008 | 170922b xxu||||| |||| 00| 0 eng d | ||
| 020 | _a0876503660 | ||
| 041 | _aeng | ||
| 080 | _a37 | ||
| 100 | _a46 | ||
| 101 | _aEDU | ||
| 245 |
_aFIRST IMPRESSIONS, LASTING IMPACT: INTRODUCING THE FIRST-YEAR STUDENT TO THE ACADEMIC LIBRARY _cNIMS, J.K |
||
| 942 |
_2udc _cBK |
||
| 999 |
_c29033 _d29033 |
||